Every 2Pac Song on the Billboard Hot 100 - Statistics

General Stats
  • This quiz has been taken 260 times
    240 since last reset
  • The average score is 4 of 21
Answer Stats
# Year Song % Correct
1 1996 How Do U Want It/California Love ft. K-Ci And JoJo
81%
9 1995 Dear Mama/Old School
69%
32 1999 Changes
67%
12 1994 Keep Ya Head Up
48%
11 1993 I Get Around
37%
21 1998 Do For Love ft. Eric Williams
26%
44 1995 So Many Tears
14%
81 1997 Runnin' (The Notorious B.I.G., Radio, Dramacydal & Stretch)
12%
19 2003 Runnin (Dying To Live) ft. The Notorious B.I.G.
12%
52 2001 Until The End Of Time
11%
68 1995 Temptations
10%
19 2002 Thugz Mansion
9%
67 1997 I Wonder If Heaven Got A Ghetto
5%
12 1997 Smile (Scarface) ft. Johnny P
5%
69 2003 Still Ballin (Trick Daddy)
5%
63 2009 Playa Cardz Right (Keyshia Cole)
4%
87 1994 Papa'z Song (Mopreme)
3%
72 2000 Baby Don't Cry (Keep Ya Head Up II) (Outlawz)
2%
80 2004 One Day At A Time (Eminem) ft. The Outlawz
2%
98 2005 Thugs Get Lonely Too ft. Nate Dogg
2%
77 1997 Stop The Gunfight (Trapp) ft. The Notorious B.I.G.
1%
No matching quizzes found
Score Distribution
Percent of People with Each Score
Percentile by Number Answered
Your Score History
You have not taken this quiz since the last reset